Formas de contratación laboral
ISBN:
84-505-1087-2
Publicado:
[Madrid] :
Instituto de la Pequeña y Mediana Empresa Industrial : Ministerio de Industria y Energía ,
1985
Descripción Física:
159 p. ; 23 cm
MARC
| LEADER | 00000nam a2200000Ia 4500 | ||
|---|---|---|---|
| 001 | 14214 | ||
| 003 | BGR | ||
| 005 | 20260324175332.0 | ||
| 008 | 160829s1985 xx 000 0 cat d | ||
| 020 | |a 84-505-1087-2 | ||
| 080 | |a M-4-172 | ||
| 245 | |a Formas de contratación laboral | ||
| 260 | |a [Madrid] : |b Instituto de la Pequeña y Mediana Empresa Industrial : |b Ministerio de Industria y Energía, |c 1985 | ||
| 300 | |a 159 p. ; |c 23 cm | ||
| 590 | |a Inclou el text i posteriors modificacions de la llei de l'Estatut dels Treballadors | ||
| 650 | |a Contractes de treball |x Dret i legislació |x Espanya |9 27608 | ||
| 650 | |9 23521 |a Dret del treball |x Legislació |x Espanya | ||
| 710 | 2 | |a Instituto de la Pequeña y Mediana Empresa Industrial |9 71177 | |
| 710 | 1 | |a Espanya |9 69580 |b Ministerio de Industria y Energía | |
| 901 | |a Arxiu | ||
| 942 | |n 1 |2 udc |c MON | ||
| 952 | |0 0 |1 0 |4 0 |6 M4172 |7 1 |9 44469 |a Arxiu |b Arxiu |d 2016-12-01 |l 0 |o M-4-172 |p 14214 |r 2016-12-01 00:00:00 |w 2016-12-01 |y ARXIU | ||
| 999 | |c 47050 |d 47050 | ||